3ds max at a glance
3ds Max At a Glance, a full-color, entry-level book, written by noted industry professional George Maestri, uses a highly visual method to teach basic 3ds Max techniques. Beautiful, crisp layouts visually explain important concepts and Max workflows, and step-by-step tutorials provide hands-on reinf...
Đã lưu trong:
| 主要作者: | |
|---|---|
| 格式: | 图书 |
| 语言: | Undetermined |
| 出版: |
Indianapolis, Ind.
Wiley Pub.
2008
|
| 主题: | |
| 标签: |
添加标签
没有标签, 成为第一个标记此记录!
|
| Thư viện lưu trữ: | Trung tâm Học liệu Trường Đại học Cần Thơ |
|---|
| LEADER | 01098nam a2200205Ia 4500 | ||
|---|---|---|---|
| 001 | CTU_165706 | ||
| 008 | 210402s9999 xx 000 0 und d | ||
| 020 | |c 23.09 | ||
| 082 | |a 006.696 | ||
| 082 | |b M186 | ||
| 100 | |a Maestri, George | ||
| 245 | 0 | |a 3ds max at a glance | |
| 245 | 0 | |c George Maestri | |
| 260 | |a Indianapolis, Ind. | ||
| 260 | |b Wiley Pub. | ||
| 260 | |c 2008 | ||
| 520 | |a 3ds Max At a Glance, a full-color, entry-level book, written by noted industry professional George Maestri, uses a highly visual method to teach basic 3ds Max techniques. Beautiful, crisp layouts visually explain important concepts and Max workflows, and step-by-step tutorials provide hands-on reinforcement. Interface features, menus, key commands, and rendering settings are presented in helpful, economical detail with arrows, diagrams, and targeted explanation. It also includes coverage related to games. | ||
| 650 | |a Computer animation,Computer graphics,Hoạt hình máy tính,Đồ họa máy tính | ||
| 904 | |i Trọng Hải | ||
| 980 | |a Trung tâm Học liệu Trường Đại học Cần Thơ | ||